| 000 | 00553nam a2200193 u 4500 | ||
|---|---|---|---|
| 005 | 20221126063633.0 | ||
| 008 | 181017s2009 mx r 000 0 spa d | ||
| 035 | _aUPN01000227356 | ||
| 049 | _aI | ||
| 050 | 4 |
_aPZ7 _bH3.2 |
|
| 100 | 1 |
_aHartley, Jill, _d1950- _943147 |
|
| 245 | 1 | 0 |
_aEn el mercado / _cJill Hartley. |
| 260 |
_aMéxico : _bPetra, _c2009. |
||
| 300 |
_a[22] p. : _btotalmente il. col. |
||
| 650 | 4 |
_aLIBROS INFANTILES CON LAMINAS _911453 |
|
| 650 | 7 |
_aLibros ilustrados para niños _2 _921365 |
|
| 905 | _aInfantil | ||
| 999 |
_c199451 _d199451 |
||